000 00505nam a2200181Ia 4500
005 20250326125054.0
008 250326s9999 xx 000 0 und d
037 _aTextbook
040 _aFMSL
_beng
_cFMSL
041 _aeng
_2eng
084 _aX:9 L7
_qFMSL
100 _aThomas B
_9738435
245 0 _aLabour shortage and economic analysis
_cThomas B; Deaton D
260 _aOxford
_bOxford, ?Basil Blackwell
_c1977
300 _a264p
942 _cTB
_hX:9 L7
999 _c1276410
_d1276410